World heritage : (Record no. 18760)
[ view plain ]
| 000 -LEADER | |
|---|---|
| fixed length control field | 00690nam a22001817a 4500 |
| 008 - FIXED-LENGTH DATA ELEMENTS--GENERAL INFORMATION | |
| fixed length control field | 240125b ||||| |||| 00| 0 eng d |
| 020 ## - INTERNATIONAL STANDARD BOOK NUMBER | |
| International Standard Book Number | 9780367491642 |
| 082 ## - DEWEY DECIMAL CLASSIFICATION NUMBER | |
| Edition number | 2023 |
| Classification number | DC 353.7211 |
| Item number | W871 |
| 100 ## - MAIN ENTRY--PERSONAL NAME | |
| Personal name | Woodward, Simon C. |
| 9 (RLIN) | 50820 |
| 245 ## - TITLE STATEMENT | |
| Title | World heritage : |
| Remainder of title | concepts, management and conservation / |
| Statement of responsibility, etc. | Simon C. Woodward and Louise Cooke. |
| 260 ## - PUBLICATION, DISTRIBUTION, ETC. (IMPRINT) | |
| Place of publication, distribution, etc. | New York : |
| Name of publisher, distributor, etc. | Routledge, |
| Date of publication, distribution, etc. | ©2023. |
| 300 ## - PHYSICAL DESCRIPTION | |
| Extent | xiii, 236 pages : |
| Other physical details | illustrations ; |
| Dimensions | 23 cm. |
| 500 ## - GENERAL NOTE | |
| General note | Includes references and index. |
| 650 ## - SUBJECT ADDED ENTRY--TOPICAL TERM | |
| Topical term or geographic name as entry element | World Heritage areas |
| General subdivision | Management. |
| 9 (RLIN) | 51817 |
| 650 ## - SUBJECT ADDED ENTRY--TOPICAL TERM | |
| Topical term or geographic name as entry element | World Heritage areas |
| General subdivision | Conservation and restoration. |
| 9 (RLIN) | 51818 |
| 700 ## - ADDED ENTRY--PERSONAL NAME | |
| Personal name | Cooke, Louise. |
| Relator term | author. |
| 9 (RLIN) | 50821 |
| 942 ## - ADDED ENTRY ELEMENTS (KOHA) | |
| Source of classification or shelving scheme | Dewey Decimal Classification |
| Koha item type | Circulation |
| Withdrawn status | Lost status | Source of classification or shelving scheme | Damaged status | Not for loan | Collection code | Home library | Current library | Date acquired | Source of acquisition | Cost, normal purchase price | Total Checkouts | Full call number | Barcode | Date last seen | Price effective from | Koha item type |
|---|---|---|---|---|---|---|---|---|---|---|---|---|---|---|---|---|
| Dewey Decimal Classification | Circulation | UM Digos College - LIC | UM Digos College - LIC | 08/08/2023 | Purchased | 4880.00 | DC 353.7211 W871 2023 | 27615 | 05/15/2025 | 01/25/2024 | Circulation |
